With focus on human relations : A story of an eighth grade (Record no. 1326130)

MARC details
000 -LEADER
fixed length control field 00703nam a2200217Ia 4500
005 - DATE AND TIME OF LATEST TRANSACTION
control field 20250508150845.0
008 - FIXED-LENGTH DATA ELEMENTS--GENERAL INFORMATION
fixed length control field 008 250505s9999 xx 000 0 eng d
037 ## - SOURCE OF ACQUISITION
Stock number Textual
040 ## - CATALOGING SOURCE
Original cataloging agency FEDL
Language of cataloging eng
Transcribing agency FEDL
041 ## - LANGUAGE CODE
Language code of text/sound track or separate title eng
Source of code eng
084 ## - COLON CLASSIFICATION NUMBER
Classification number 370.19, TAB
Assigning agency FEDL
100 ## - MAIN ENTRY--PERSONAL NAME
Personal name Taba Hilda
245 #0 - TITLE STATEMENT
Title With focus on human relations : A story of an eighth grade
260 ## - PUBLICATION, DISTRIBUTION, ETC.
Place of publication, distribution, etc. Washington, USA
Name of publisher, distributor, etc. American Council on Education
Date of publication, distribution, etc. 1950
300 ## - PHYSICAL DESCRIPTION
Extent x,257p
490 ## - SERIES STATEMENT
Series statement Intergroup education in cooperating schools work in progress series
650 ## - SUBJECT ADDED ENTRY--TOPICAL TERM
Topical term or geographic name entry element Education - Sociology
9 (RLIN) 757833
700 ## - ADDED ENTRY--PERSONAL NAME
Personal name Elkins Deborah
9 (RLIN) 757834
942 ## - ADDED ENTRY ELEMENTS (KOHA)
Koha item type Textual
Classification part 370.19, TAB
Holdings
Withdrawn status Lost status Damaged status Not for loan Home library Current library Date acquired Total Checkouts Full call number Barcode Date last seen Price effective from Koha item type
        Department of Education Library Department of Education Library 2025-05-08   370.19, TAB EL0005736 2025-05-08 2025-05-08 Textual
Copyright @ Delhi University Library System